[Event "Kolkata St Xavier College op"]
[Site "Kolkata"]
[Date "2024.08.25"]
[Round "6"]
[White "Shreyan, Gupta Barman"]
[Black "Akshath, Sinha"]
[Result "1-0"]
[WhiteElo "1597"]
[BlackElo "1781"]
[PlyCount "35"]
[EventDate "2024.08.24"]
[EventType "swiss (rapid)"]
[EventRounds "11"]
[EventCountry "IND"]
[SourceTitle "CBM 221 Extra"]
[Source "ChessBase"]
[SourceDate "2024.09.30"]
[SourceVersion "1"]
[SourceVersionDate "2024.09.30"]
[SourceQuality "1"]

1. e4 d5 2. exd5 Nf6 3. Nf3 Bg4 4. Be2 Nxd5 5. d4 e6 6. c4 Nf6 7. 0-0 Nc6 8. Be3 Be7 9. Nc3 0-0 10. h3 Bh5 11. Qd2 Qd7 12. Rad1 Rad8 13. Qc1 Qc8 14. Ne5 Nxe5 15. dxe5 Bxe2 16. exf6 Rxd1 17. Rxd1 Bxd1 18. fxe7 1-0

[Event "BAN-chT2"]
[Site "Dhaka"]
[Date "2022.07.24"]
[Round "7.2"]
[White "Akshath, Sinha"]
[Black "Mdsariful, Islam"]
[Result "1-0"]
[WhiteElo "1675"]
[BlackElo "1879"]
[PlyCount "91"]
[EventDate "2022.07.18"]
[EventType "team-swiss"]
[EventRounds "9"]
[EventCountry "BAN"]
[SourceTitle "EXT 2023"]
[Source "ChessBase"]
[SourceDate "2022.10.05"]
[SourceVersion "1"]
[SourceVersionDate "2022.10.05"]
[SourceQuality "1"]
[WhiteTeam "Hamid Sports Academy"]
[BlackTeam "Bangladesh Chess Arena"]
[WhiteTeamCountry "BAN"]
[BlackTeamCountry "BAN"]

1. e4 d5 2. exd5 Nf6 3. Nc3 Nxd5 4. Bc4 Be6 5. Qf3 c6 6. Nh3 Nd7 7. Bxd5 Bxd5 8. Nxd5 Ne5 9. Qf5 Qxd5 10. 0-0 g6 11. Qf4 Bg7 12. Re1 Rd8 13. Qe3 c5 14. b3 0-0 15. Rb1 e6 16. Nf4 Qd6 17. Ba3 b6 18. d3 Nc6 19. Ne2 Rfe8 20. Bb2 Nb4 21. Bxg7 Nxc2 22. Qh6 Nxe1 23. Bf6 Qf8 24. Qxf8+ Rxf8 25. Bxd8 Rxd8 26. Rxe1 Rxd3 27. Kf1 Rd2 28. Nc3 Rc2 29. Re3 Kf8 30. a3 Rb2 31. Nb5 Ra2 32. a4 a5 33. Nd6 Rd2 34. Nc4 Rd8 35. Nxb6 Ke7 36. Nc4 Ra8 37. Re5 Rb8 38. Nxa5 Kd6 39. Nc4+ Kc6 40. Re3 Kd5 41. Rd3+ Kc6 42. Ne5+ Kc7 43. Nxf7 Rb4 44. Ne5 Re4 45. Nc4 Rh4 46. Rh3 1-0

[Event "BAN-chT2"]
[Site "Dhaka"]
[Date "2022.07.23"]
[Round "6.2"]
[White "Faisal, Hossain"]
[Black "Akshath, Sinha"]
[Result "1/2-1/2"]
[WhiteElo "1873"]
[BlackElo "1675"]
[PlyCount "116"]
[EventDate "2022.07.18"]
[EventType "team-swiss"]
[EventRounds "9"]
[EventCountry "BAN"]
[SourceTitle "EXT 2023"]
[Source "ChessBase"]
[SourceDate "2022.10.05"]
[SourceVersion "1"]
[SourceVersionDate "2022.10.05"]
[SourceQuality "1"]
[WhiteTeam "Sadharan Bima Corporation"]
[BlackTeam "Hamid Sports Academy"]
[WhiteTeamCountry "BAN"]
[BlackTeamCountry "BAN"]

1. c4 Nf6 2. Nc3 b6 3. d3 d5 4. cxd5 Nxd5 5. Nf3 Bb7 6. Nxd5 Qxd5 7. g3 e5 8. Bg2 Qa5+ 9. Bd2 Bb4 10. 0-0 Bxd2 11. Nxd2 Bxg2 12. Kxg2 Qd5+ 13. Kg1 c5 14. Qa4+ Qc6 15. Qc2 0-0 16. Rac1 Qd5 17. a3 Nc6 18. Nf3 Rac8 19. Qc4 Rfd8 20. Rfe1 f6 21. Rc2 Kf8 22. Rec1 Na5 23. Qxd5 Rxd5 24. Nd2 Nc6 25. Nf3 f5 26. Rd2 e4 27. dxe4 Rxd2 28. Nxd2 Rd8 29. Nf1 fxe4 30. Rc2 Rd1 31. Kg2 Re1 32. e3 Ne5 33. Nd2 g5 34. h3 h5 35. Nxe4 g4 36. hxg4 hxg4 37. Ng5 Kg7 38. f4 Nd3 39. e4 Rb1 40. Rd2 Rxb2 41. Rxb2 Nxb2 42. Kf2 Nc4 43. a4 Nb2 44. a5 bxa5 45. Ne6+ Kf6 46. Nxc5 a4 47. Ke2 a3 48. Nb3 a2 49. Na1 Na4 50. Kd3 Nc5+ 51. Kd4 Ne6+ 52. Ke3 a5 53. f5 Nc5 54. Kd4 Nd7 55. Nc2 a4 56. Na1 Ne5 57. Ke3 Nc4+ 58. Kd3 Ke5 1/2-1/2